Cultivo del palto

সংরক্ষণ করুন:
গ্রন্থ-পঞ্জীর বিবরন
প্রধান লেখক: Gardiazábal Irazábal, Francisco Javier (autor)
অন্যান্য লেখক: Rosenberg Melnick, Gregorio (autor)
বিন্যাস: গ্রন্থ
ভাষা:স্প্যানিশ
প্রকাশিত: Valparaíso Universidad Católica de Valparaíso, Facultad de Agronomía 1991
বিষয়গুলি:
ট্যাগগুলো: ট্যাগ যুক্ত করুন
কোনো ট্যাগ নেই, প্রথমজন হিসাবে ট্যাগ করুন!

MARC

LEADER 00000nam a2200000 a 4500
001 UCV7377
003 CL-VaPUC
008 911007e19910000CL |||||||||||||||||spa|d
082 0 4 |a 634.653  |b GAR  |2 21 
100 |a Gardiazábal Irazábal, Francisco Javier  |e autor  |9 787875 
700 |a Rosenberg Melnick, Gregorio  |e autor  |9 533841 
245 1 0 |a Cultivo del palto 
300 |a 201 p 
942 |c BK 
945 |d 19911007 00:00:00 
260 |a Valparaíso  |b Universidad Católica de Valparaíso, Facultad de Agronomía  |c 1991 
650 0 |a Paltas (Aguacates)   |9 264279 
583 |a last modification  |c 20170118 02:08:25  |k Rodrigo Vera 
999 |c 213066  |d 213064 
952 |0 0  |1 0  |4 0  |6 634_653000000000000_GAR_1991  |7 0  |8 A  |9 195063  |a BIBAGR  |b BIBAGR  |d 2019-11-14  |i 4504445  |o 634.653 GAR 1991  |p 4504445  |r 2025-01-20  |w 2019-11-14  |y BK  |k AGR